LEADER 01152cam0-22003611i-450- 001 990007825450403321 005 20121204094147.0 010 $a88-464-3981-3 035 $a000782545 035 $aFED01000782545 035 $a(Aleph)000782545FED01 035 $a000782545 100 $a20030916d2002----km-y0itay50------ba 101 0 $aita 102 $aIT 105 $ay-------001yy 200 1 $aTecniche di management sanitario$estrategia, organizzazione, programmazione, controllo e miglioramento della qualità dei servizi per gestire il cambiamento della sanità$fEugenio Vignati, Paolo Bruno 210 $aMilano$cFrancoAngeli$d©2002 215 $a256 p.$d23 cm 225 1 $aAzienda moderna$v488 610 0 $aOspedali$aGestione 676 $a353.6$v21$zita 700 1$aVignati,$bEugenio$0383050 701 1$aBruno,$bPaolo$f<1966- >$0383051 801 0$aIT$bUNINA$gREICAT$2UNIMARC 901 $aBK 912 $a990007825450403321 952 $aCollez. 684 (488)$b39586$fFSPBC 952 $a362.1068 VIG 1$b1799$fBFS 959 $aFSPBC 959 $aBFS 996 $aTecniche di management sanitario$9663185 997 $aUNINA LEADER 00801nam a22002291i 4500 001 991000224219707536 005 20020925053325.0 008 020925s1975 it |||||||||||||||||ita 035 $ab1197624x-39ule_inst 035 $aARCHE-006604$9ExL 040 $aDip.to Filologia Ling. e Lett.$bita$cA.t.i. Arché s.c.r.l. Pandora Sicilia s.r.l. 082 04$a853.91 100 1 $aCordero, Franco$0133917 245 12$aL'Opera /$cFranco Cordero 260 $aMilano :$bBompiani,$c1975 300 $a348 p. ;$c21 cm 907 $a.b1197624x$b02-04-14$c01-04-03 912 $a991000224219707536 945 $aLE008 TS A X 28$g1$i2008000375157$lle008$o-$pE0.00$q-$rl$s- $t0$u0$v0$w0$x0$y.i12256407$z01-04-03 996 $aOpera$9136322 997 $aUNISALENTO 998 $ale008$b01-04-03$cm$da $e-$fita$git $h2$i1